000 00389nam a2200157 i 4500
001 bg
100 1 _aDUVAL, Clement
245 0 _aInorganic thermogravimetric analysis /
_cby Clement Duval.
250 _a2nd and rev. ed.
260 _aAmsterdam :
_bElsevier,
_c1963.
040 _cBPK
041 _apol
080 _a543.21
942 _cKS
008 s pl f |000 0 pol
999 _c27796
_d27796
856 _uhttp://koha.tu.koszalin.pl/cgi-bin/koha/opac-detail.pl?biblionumber=27796
_yKatalog online BPK